Music Quiz

Random Music or Country Music Quiz

Storyline Hunter Hayes Quiz Stats

 Plays Quiz not verified by Sporcle

Score 0/282 Timer 10:00
0 Plays Today
Hint Answer % Correct
think
89.9%
the
89.9%
a
89.9%
and
89.9%
a
89.9%
and
89.9%
the
89.9%
and
89.9%
and
89.9%
and
89.9%
the
89.9%
and
89.9%
the
89.9%
and
89.9%
and
89.9%
the
89.9%
the
89.9%
think
89.9%
the
89.9%
and
89.9%
the
89.9%
and
89.9%
and
89.9%
they
87.3%
us
87.3%
us
87.3%
they
87.3%
they
87.3%
us
87.3%
know
86.1%
know
86.1%
we
84.8%
we
84.8%
we
84.8%
we
84.8%
we
84.8%
we
84.8%
everybody
83.5%
story
83.5%
story
83.5%
story
83.5%
story
83.5%
you
82.3%
you
82.3%
you
82.3%
you
82.3%
you
82.3%
you
82.3%
you
82.3%
got
81%
love
81%
got
81%
love
81%
love
81%
love
81%
out
79.7%
to
79.7%
out
79.7%
to
79.7%
storyline
79.7%
to
79.7%
storyline
79.7%
to
79.7%
storyline
79.7%
storyline
79.7%
figured
78.5%
we'll
78.5%
we'll
78.5%
we'll
78.5%
we'll
78.5%
do
77.2%
girl
77.2%
our
77.2%
own
77.2%
our
77.2%
our
77.2%
own
77.2%
our
77.2%
own
77.2%
girl
77.2%
our
77.2%
own
77.2%
our
77.2%
our
77.2%
our
77.2%
own
77.2%
our
77.2%
girl
77.2%
our
77.2%
own
77.2%
our
77.2%
our
77.2%
our
77.2%
own
77.2%
Hint Answer % Correct
our
77.2%
own
77.2%
I
75.9%
can
75.9%
write
75.9%
write
75.9%
can
75.9%
I
75.9%
I
75.9%
can
75.9%
write
75.9%
write
75.9%
I
75.9%
I
75.9%
I
75.9%
can
75.9%
write
75.9%
write
75.9%
I
75.9%
write
75.9%
just
74.7%
car
74.7%
just
74.7%
right
74.7%
right
74.7%
that
74.7%
just
74.7%
right
74.7%
right
74.7%
tell
73.4%
of
73.4%
tell
73.4%
as
73.4%
as
73.4%
want
73.4%
of
73.4%
its
73.4%
its
73.4%
its
73.4%
as
73.4%
as
73.4%
as
73.4%
as
73.4%
want
73.4%
of
73.4%
its
73.4%
its
73.4%
its
73.4%
of
73.4%
want
73.4%
its
73.4%
as
73.4%
as
73.4%
want
73.4%
of
73.4%
its
73.4%
its
73.4%
its
73.4%
how
72.2%
fast
72.2%
james
72.2%
me
72.2%
fall
72.2%
hard
72.2%
make
72.2%
mind
72.2%
me
72.2%
fall
72.2%
hard
72.2%
make
72.2%
mind
72.2%
make
72.2%
make
72.2%
fall
72.2%
hard
72.2%
make
72.2%
mind
72.2%
young
70.9%
turns
70.9%
little
70.9%
dean
70.9%
spirit
70.9%
norma
70.9%
jean
70.9%
heart
70.9%
this
70.9%
blow
70.9%
or
70.9%
wrong
70.9%
blow
70.9%
or
70.9%
wrong
70.9%
it
70.9%
this
70.9%
Hint Answer % Correct
this
70.9%
blow
70.9%
or
70.9%
wrong
70.9%
or
70.9%
wrong
70.9%
typical
69.6%
ours
69.6%
life
69.6%
for
69.6%
for
69.6%
ours
69.6%
life
69.6%
life
69.6%
ours
69.6%
life
69.6%
words
68.4%
trying
68.4%
predictable
67.1%
with
67.1%
in
67.1%
been
65.8%
dont
65.8%
care
65.8%
what
65.8%
dont
65.8%
been
65.8%
their
64.6%
so
64.6%
baby
64.6%
kissin
64.6%
public
64.6%
about
64.6%
about
64.6%
name
64.6%
we've
63.3%
start
63.3%
hey
63.3%
long
63.3%
my
63.3%
waiting
62%
oceans
62%
mountains
62%
you're
62%
if
62%
boy
62%
take
62%
they've
60.8%
but
60.8%
paper
60.8%
wanna
60.8%
paris
60.8%
like
60.8%
whatever
60.8%
but
60.8%
gets
60.8%
blank
59.5%
sheet
59.5%
forever
59.5%
where
59.5%
plan
59.5%
runnin
59.5%
crazy
59.5%
yeah
59.5%
who
59.5%
world
59.5%
nothing
59.5%
rules
59.5%
time
59.5%
pack
58.2%
cares
58.2%
break
58.2%
has
57%
way
57%
works
57%
Tennessee
55.7%
thinks
55.7%
lets
55.7%
theres
55.7%
from
55.7%
met
55.7%
theres
55.7%
moment
54.4%
one
54.4%
I've
54.4%
thing
53.2%
would
53.2%
them
51.9%
shakespears
50.6%
shakespears
50.6%
shakespears
50.6%
praying
45.6%
said
36.7%
wasting
31.6%

You're not logged in!

Compare scores with friends on all Sporcle quizzes.
OR
Log In

Show Comments

Extras

Created May 8, 2014ReportNominate
Tags:Country Music Quiz

Top Quizzes Today


Score Distribution

Your Account Isn't Verified!

In order to create a playlist on Sporcle, you need to verify the email address you used during registration. Go to your Sporcle Settings to finish the process.

Report this User

Report this user for behavior that violates our Community Guidelines.

Details: